[Event "270th YMCA Winter B"]
[Site "Warsaw"]
[Date "2023.01.12"]
[Round "1"]
[White "Szukalski, Antoni"]
[Black "Kania, Tomasz"]
[Result "1/2-1/2"]
[WhiteElo "1709"]
[BlackElo "1625"]
[PlyCount "70"]
[EventDate "2023.01.12"]
[EventType "tourn"]
[EventRounds "1"]
[EventCountry "POL"]
[SourceDate "2023.01.11"]

1. e4 c6 2. d4 d5 3. Nc3 dxe4 4. Nxe4 Bf5 5. Ng3 Bg6 6. Nf3 Nd7 7. Bd3 Bxd3 8.
Qxd3 e6 9. O-O Ngf6 10. Re1 Be7 11. Bg5 O-O 12. Rad1 Re8 13. c4 Qc7 14. h3 Rad8
15. Qc2 h6 16. Be3 Bb4 17. Re2 Bd6 18. Ne4 Bf4 19. Bxf4 Qxf4 20. Ng3 Qd6 21. a3
b5 22. Red2 Qb8 23. b3 Re7 24. Re2 Rde8 25. Ne5 Nxe5 26. dxe5 Nd7 27. Qe4 bxc4
28. bxc4 Nb6 29. Nh5 Rd8 30. Red2 Red7 31. Rxd7 Rxd7 32. Rxd7 Nxd7 33. f4 Qb6+
34. Kh2 Qc5 35. Qd3 Nb6 1/2-1/2

[Event "270th YMCA Winter B"]
[Site "Warsaw"]
[Date "2023.01.12"]
[Round "1"]
[White "Pichurko, Jakub"]
[Black "Malicki, Jan"]
[Result "0-1"]
[WhiteElo "1664"]
[BlackElo "1506"]
[PlyCount "142"]
[EventDate "2023.01.12"]
[EventType "tourn"]
[EventRounds "1"]
[EventCountry "POL"]
[SourceDate "2023.01.11"]

1. d4 Nf6 2. Bf4 g6 3. Nc3 d5 4. e3 Bg7 5. h4 Bf5 6. Nf3 O-O 7. Ne5 Nbd7 8. Be2
c6 9. g4 Be6 10. h5 Nxe5 11. Bxe5 b5 12. g5 b4 13. Na4 Ne4 14. Bxg7 Kxg7 15.
Rg1 Qd6 16. f4 Rac8 17. Bd3 Bf5 18. Bxe4 Bxe4 19. Nc5 Bf5 20. Qe2 gxh5 21.
O-O-O h4 22. Rh1 h3 23. Qf3 Qg6 24. Rh2 Rh8 25. Nd3 Bxd3 26. Rxd3 h6 27. f5
Qxg5 28. Rxh3 Kf8 29. Rh5 Qf6 30. Rd1 Ke8 31. Rdh1 Kd7 32. Qe2 Qd6 33. Qa6 Rc7
34. Qd3 Rcc8 35. R5h4 Qg3 36. R4h3 Qd6 37. Rf3 h5 38. e4 dxe4 39. Qxe4 Qd5 40.
Qxd5+ cxd5 41. Rfh3 Rc4 42. c3 bxc3 43. bxc3 Rhc8 44. Kc2 Rxd4 45. Rxh5 Rdc4
46. R1h3 d4 47. f6 Rxc3+ 48. Rxc3 Rxc3+ 49. Kd2 Ra3 50. fxe7 Rxa2+ 51. Kd3 Kxe7
52. Kxd4 f6 53. Rb5 Ke6 54. Ke4 f5+ 55. Kf3 a5 56. Rb6+ Ke5 57. Rb5+ Kf6 58.
Rb8 a4 59. Kf4 Ke6 60. Rb6+ Kd5 61. Kxf5 Rf2+ 62. Kg5 a3 63. Ra6 a2 64. Kg4 Kc4
65. Kg3 Rc2 66. Kf3 Kb3 67. Rb6+ Kc3 68. Rc6+ Kb2 69. Rb6+ Kc1 70. Ra6 Kb1 71.
Rb6+ Rb2 0-1

[Event "270th YMCA Winter B"]
[Site "Warsaw"]
[Date "2023.01.12"]
[Round "1"]
[White "Mlynarski, Zbigniew"]
[Black "Kuc, Mariusz"]
[Result "1/2-1/2"]
[WhiteElo "1615"]
[BlackElo "1718"]
[PlyCount "68"]
[EventDate "2023.01.12"]
[EventType "tourn"]
[EventRounds "1"]
[EventCountry "POL"]
[SourceDate "2023.01.11"]

1. e4 c5 2. Nf3 e6 3. d4 cxd4 4. Nxd4 Nf6 5. Nc3 d6 6. Bc4 a6 7. a4 Qc7 8. Qe2
Nc6 9. Be3 Be7 10. O-O O-O 11. f4 Rd8 12. Bb3 d5 13. exd5 exd5 14. Qf3 Nb4 15.
h3 b6 16. Nce2 Bb7 17. Rad1 Bc5 18. c3 Nc6 19. Nxc6 Bxc6 20. Nd4 Re8 21. Kh1
Bb7 22. Rfe1 Rad8 23. Bc2 Bf8 24. f5 Bd6 25. Bg5 Be5 26. Re3 Bxd4 27. Rxd4 Rxe3
28. Bxe3 Re8 29. Qf2 Qe7 30. Bf4 Nh5 31. Bb3 Qe1+ 32. Qxe1 Rxe1+ 33. Kh2 Nxf4
34. Rxf4 Re2 $11 1/2-1/2

[Event "270th YMCA Winter B"]
[Site "Warsaw"]
[Date "2023.01.13"]
[Round "1"]
[White "Nocek, Dominik"]
[Black "Pasternak-Winiarski, Adam"]
[Result "1/2-1/2"]
[WhiteElo "1644"]
[BlackElo "1611"]
[PlyCount "78"]
[EventDate "2023.01.12"]
[EventType "tourn"]
[EventRounds "1"]
[EventCountry "POL"]
[SourceDate "2023.01.11"]

1. e4 c5 2. Nf3 d6 3. d4 cxd4 4. Nxd4 Nf6 5. Nc3 a6 6. g3 g6 7. Bg2 Bg7 8. O-O
O-O 9. h3 Nc6 10. Nde2 Rb8 11. Nd5 e6 12. Nxf6+ Bxf6 13. c3 b5 14. Bf4 Ne5 15.
Rc1 Bb7 16. Qd2 g5 17. Bxe5 dxe5 18. Qe3 Qe7 19. Rfd1 Rbc8 20. Rd3 Rfd8 21.
Rcd1 Rxd3 22. Qxd3 Kg7 23. g4 Rd8 24. Qxd8 Qxd8 25. Rxd8 Bxd8 26. Kf1 Bb6 27.
Nc1 Kf8 28. Ke2 Ke7 29. Kd3 Bxf2 30. b3 Kd6 31. Bf3 $11 Bb6 32. Bg2 Bc6 33. Bf3
Be8 34. Bg2 f6 35. Bf3 Bg6 36. Be2 h5 37. Bf3 hxg4 38. hxg4 f5 39. Ne2 f4
1/2-1/2

[Event "270th YMCA Winter B"]
[Site "Warsaw"]
[Date "2023.01.13"]
[Round "1"]
[White "Kowalski, Witold"]
[Black "Szumigaj, Marcin"]
[Result "1/2-1/2"]
[WhiteElo "1484"]
[BlackElo "1502"]
[PlyCount "46"]
[EventDate "2023.01.12"]
[EventType "tourn"]
[EventRounds "1"]
[EventCountry "POL"]
[SourceDate "2023.01.11"]

1. e4 e6 2. d4 d5 3. Nc3 Bb4 4. exd5 exd5 5. Bd3 Nf6 6. Nge2 O-O 7. O-O c6 8.
a3 Bd6 9. Re1 Bg4 10. Bg5 Nbd7 11. h3 Bh5 12. Qd2 Bg6 13. Rad1 Qc7 14. Nf4 Bxd3
15. Nxd3 h6 16. Bf4 Bxf4 17. Qxf4 Qxf4 18. Nxf4 Rfe8 19. Kf1 Kf8 20. g3 Rxe1+
21. Rxe1 Re8 22. Rxe8+ Kxe8 23. Ke2 Ke7 $11 1/2-1/2

[Event "270th YMCA Winter B"]
[Site "Warsaw"]
[Date "2023.01.20"]
[Round "2"]
[White "Pasternak-Winiarski, Adam"]
[Black "Kowalski, Witold"]
[Result "0-1"]
[WhiteElo "1611"]
[BlackElo "1484"]
[PlyCount "67"]
[EventDate "2023.01.12"]
[EventType "tourn"]
[EventRounds "1"]
[EventCountry "POL"]
[SourceDate "2023.01.11"]

1. e4 c5 2. Nf3 e6 3. d4 cxd4 4. Nxd4 Nc6 5. Be2 Qc7 6. Nc3 a6 7. a3 b5 8. O-O
Bb7 9. Kh1 Nf6 10. f4 d6 11. Bf3 Be7 12. Nxc6 Bxc6 13. e5 dxe5 14. Bxc6+ Qxc6
15. fxe5 Nd7 16. Bf4 Nf8 17. Qe2 Ng6 18. Bg3 O-O 19. Rad1 Bxa3 20. bxa3 Qxc3
21. Rd3 Qc4 22. Qf2 Rac8 23. h4 Ne7 24. Bf4 Qxc2 25. Qf3 Nf5 26. h5 Rc4 27. Rc1
Qa4 28. Rf1 Rd4 29. Rc3 h6 30. Kh2 Ne7 31. Bg3 Nd5 32. Rc6 b4 33. Rxe6 bxa3 34.
Rc6 0-1

[Event "270th YMCA Winter B"]
[Site "Warsaw"]
[Date "2023.01.18"]
[Round "2"]
[White "Kuc, Mariusz"]
[Black "Nocek, Dominik"]
[Result "0-1"]
[WhiteElo "1718"]
[BlackElo "1644"]
[PlyCount "50"]
[EventDate "2023.01.12"]
[EventType "tourn"]
[EventRounds "1"]
[EventCountry "POL"]
[SourceDate "2023.01.11"]

1. e4 e5 2. Nf3 Nc6 3. d4 exd4 4. Nxd4 Nf6 5. Nxc6 bxc6 6. e5 Qe7 7. Qe2 Nd5 8.
c4 Ba6 9. b3 g6 10. g3 Bg7 11. Bb2 O-O 12. Nd2 Rae8 13. f4 Nb6 14. O-O-O d5 15.
Qf3 dxc4 16. Qxc6 Rb8 17. Rg1 Bb7 18. Qb5 cxb3 19. Nxb3 Rfd8 20. Bh3 Bd5 21.
Qc5 Qxc5+ 22. Nxc5 Nc4 23. Bd4 Bf8 24. Nd7 Rxd7 25. Bxd7 Be4 0-1

[Event "270th YMCA Winter B"]
[Site "Warsaw"]
[Date "2023.01.18"]
[Round "2"]
[White "Malicki, Jan"]
[Black "Mlynarski, Zbigniew"]
[Result "1-0"]
[WhiteElo "1506"]
[BlackElo "1615"]
[PlyCount "83"]
[EventDate "2023.01.12"]
[EventType "tourn"]
[EventRounds "1"]
[EventCountry "POL"]
[SourceDate "2023.01.11"]

1. c4 g6 2. Nc3 c5 3. g3 Bg7 4. Bg2 Nf6 5. e3 Nc6 6. Nge2 O-O 7. O-O e6 8. d4
cxd4 9. exd4 d5 10. cxd5 Nxd5 11. Nxd5 exd5 12. Be3 Bg4 13. h3 Bxe2 14. Qxe2
Bxd4 15. Bxd4 Nxd4 16. Qd2 Qf6 17. Rad1 Nf3+ 18. Bxf3 Qxf3 19. Qxd5 Qxd5 20.
Rxd5 Rad8 21. Rfd1 Rxd5 22. Rxd5 Rc8 23. Rd7 Rb8 24. Kf1 Kf8 25. Ke2 Ke8 26.
Rc7 a5 27. Ke3 b5 28. b3 a4 29. bxa4 bxa4 30. Rc4 Ke7 31. Rxa4 Rb2 32. h4 h5
33. Ra6 Rc2 34. a4 Ra2 35. a5 Ra4 36. Ra8 f6 37. a6 g5 38. hxg5 fxg5 39. a7 h4
40. gxh4 gxh4 41. Rh8 Rxa7 42. Rh7+ 1-0

[Event "270th YMCA Winter B"]
[Site "Warsaw"]
[Date "2023.01.19"]
[Round "2"]
[White "Kania, Tomasz"]
[Black "Pichurko, Jakub"]
[Result "1-0"]
[WhiteElo "1625"]
[BlackElo "1664"]
[PlyCount "67"]
[EventDate "2023.01.12"]
[EventType "tourn"]
[EventRounds "1"]
[EventCountry "POL"]
[SourceDate "2023.01.11"]

1. e4 d5 2. exd5 Qxd5 3. Nc3 Qd8 4. d4 Nf6 5. Nf3 g6 6. Bc4 Bg7 7. Ne5 O-O 8.
Be3 c6 9. Qe2 Nbd7 10. O-O-O Nb6 11. Bb3 a5 12. a3 a4 13. Ba2 Nbd5 14. Bd2 Nxc3
15. Bxc3 Nd5 16. Bd2 Be6 17. h4 h6 18. Nxg6 Re8 19. Ne5 Qc7 20. g4 c5 21. g5
cxd4 22. Nd3 Rec8 23. Bb1 Nc3 24. bxc3 dxc3 25. Bf4 Qb6 26. Be5 Bxe5 27. Qxe5
Ra5 28. Qe3 Rcc5 29. gxh6 Rab5 30. Rhg1+ Kf8 31. Nb4 Rxb4 32. axb4 Bd5 33. Qxc5
Qxh6+ 34. Qe3 1-0

[Event "270th YMCA Winter B"]
[Site "Warsaw"]
[Date "2023.01.19"]
[Round "2"]
[White "Jaroszuk, Marcin"]
[Black "Szukalski, Antoni"]
[Result "1-0"]
[WhiteElo "1484"]
[BlackElo "1709"]
[PlyCount "87"]
[EventDate "2023.01.12"]
[EventType "tourn"]
[EventRounds "1"]
[EventCountry "POL"]
[SourceDate "2023.01.11"]

1. Nf3 Nf6 2. g3 d5 3. Bg2 Nc6 4. d4 Bf5 5. O-O h6 6. c4 e6 7. Nc3 Be7 8. cxd5
exd5 9. Ne5 O-O 10. f3 Be6 11. e4 Bb4 12. Nxc6 bxc6 13. e5 Nd7 14. f4 f5 15.
Qa4 Bxc3 16. bxc3 Nb8 17. Ba3 Rf7 18. Rab1 Qc8 19. Rf2 g5 20. Bf1 Rg7 21. Be2
Kh7 22. Bd3 Kh8 23. Qd1 g4 24. Rfb2 h5 25. Qa4 Nd7 26. Ba6 Qg8 27. Qxc6 Nb6 28.
Bc5 Rb8 29. a4 Nd7 30. Qxc7 Rxb2 31. Rxb2 Nf6 32. Qb8 Ne4 33. Qxg8+ Bxg8 34.
Bb4 Rc7 35. Bd3 Rb7 36. a5 Be6 37. a6 Rc7 38. Ba5 Rc6 39. Bb5 Rc8 40. Bf1 Ra8
41. Bd3 Kg8 42. Bc7 Nxc3 43. Rb8+ Rxb8 44. Bxb8 1-0

[Event "270th YMCA Winter B"]
[Site "Warsaw"]
[Date "2023.01.26"]
[Round "3"]
[White "Pichurko, Jakub"]
[Black "Jaroszuk, Marcin"]
[Result "1/2-1/2"]
[WhiteElo "1664"]
[BlackElo "1484"]
[PlyCount "117"]
[EventDate "2023.01.12"]
[EventType "tourn"]
[EventRounds "1"]
[EventCountry "POL"]
[SourceDate "2023.01.11"]

1. c3 e6 2. d4 f5 3. Nf3 Nf6 4. Bg5 Be7 5. Bxf6 Bxf6 6. Nbd2 O-O 7. e4 fxe4 8.
Nxe4 d5 9. Nxf6+ Qxf6 10. Qd2 Nd7 11. Be2 c6 12. O-O e5 13. dxe5 Nxe5 14. Nxe5
Qxe5 15. Rae1 Qf6 16. Bd3 Bd7 17. Qc2 Bf5 18. Re3 Qg6 19. Bxf5 Qxf5 20. Qe2 Rf7
21. Re5 Qf6 22. Qe3 Qf4 23. Re1 Qxe3 24. R1xe3 Raf8 $11 25. f3 Rf5 26. Kf2 Rxe5
27. Rxe5 Kf7 28. Ke3 Kf6 29. f4 b6 30. g4 Rd8 31. g5+ Kf7 32. Kd4 c5+ 33. Kd3
d4 34. c4 g6 35. f5 gxf5 36. Rxf5+ Kg6 37. Re5 Rd7 38. h4 Kh5 39. b4 cxb4 40.
Rd5 Rf7 41. Rxd4 Rf1 42. Kc2 Rf3 43. Rd7 Kxh4 44. Rxh7+ Kxg5 45. Rxa7 Rc3+ 46.
Kb2 Kf5 47. Rb7 Rxc4 48. Rxb6 Ke5 49. Kb3 Rh4 50. Rxb4 Rxb4+ 51. Kxb4 Kd6 52.
Kb5 Kc7 53. Ka6 Kb8 54. a4 Ka8 55. a5 Kb8 56. Kb6 Ka8 57. a6 Kb8 58. a7+ Ka8
59. Ka6 1/2-1/2

[Event "270th YMCA Winter B"]
[Site "Warsaw"]
[Date "2023.01.26"]
[Round "3"]
[White "Mlynarski, Zbigniew"]
[Black "Kania, Tomasz"]
[Result "0-1"]
[WhiteElo "1615"]
[BlackElo "1625"]
[PlyCount "124"]
[EventDate "2023.01.12"]
[EventType "tourn"]
[EventRounds "1"]
[EventCountry "POL"]
[SourceDate "2023.01.11"]

1. d4 Nf6 2. Nf3 e6 3. c4 Bb4+ 4. Nc3 c5 5. e3 O-O 6. Bd2 cxd4 7. exd4 d5 8. a3
Be7 9. Qb3 dxc4 10. Bxc4 Nc6 11. Ne2 Na5 12. Qd3 Nxc4 13. Qxc4 Bd7 14. O-O Rc8
15. Qd3 Qb6 16. Bc3 Bb5 17. Qd1 Nd5 18. Rb1 Rfd8 19. Re1 Qa6 20. Bd2 Bd3 21.
Rc1 Rxc1 22. Nxc1 Bg6 23. Ne5 Bf6 24. Nxg6 hxg6 25. Nb3 Qc4 26. Be3 b6 27. Nc1
Ne7 28. Ne2 e5 29. b3 Qd5 30. h3 Nf5 31. Ng3 Nxg3 32. fxg3 exd4 33. Bf2 Qc5 34.
b4 Qc3 35. Re4 Qxa3 36. Qd2 Qc3 37. Be1 Qc6 38. Qd3 b5 39. g4 Qc4 40. Qd1 Qc6
41. Qd3 Re8 42. Rxe8+ Qxe8 43. Bf2 Qe5 44. h4 Qd5 45. g5 Be5 46. Kf1 Qc4 47.
Ke2 Qxb4 48. Be1 Qc4 49. Bd2 Kf8 50. Be1 Ke7 51. Bd2 Kd6 52. Be1 Kd5 53. Bd2
Qxd3+ 54. Kxd3 Bg3 55. Bb4 Bxh4 56. Bf8 Bxg5 57. Bxg7 Be3 58. Bf8 a5 59. Ba3 b4
60. Bb2 a4 61. g3 a3 62. Ba1 b3 0-1

[Event "270th YMCA Winter B"]
[Site "Warsaw"]
[Date "2023.01.27"]
[Round "3"]
[White "Nocek, Dominik"]
[Black "Malicki, Jan"]
[Result "1/2-1/2"]
[WhiteElo "1644"]
[BlackElo "1506"]
[PlyCount "87"]
[EventDate "2023.01.12"]
[EventType "tourn"]
[EventRounds "1"]
[EventCountry "POL"]
[SourceDate "2023.01.11"]

1. e4 c5 2. Nf3 d6 3. d4 cxd4 4. Nxd4 Nf6 5. Nc3 a6 6. g3 g6 7. Bg2 Bg7 8. O-O
O-O 9. h3 Qc7 10. Nd5 Nxd5 11. exd5 Nd7 12. c3 Nf6 13. Re1 Re8 14. Be3 Bd7 15.
Qd2 Rac8 16. a4 Qc4 17. Nc2 h5 18. a5 Ne4 19. Qd1 Nc5 20. Bf1 Qb3 21. Bc1 Ba4
22. Ne3 Qxd1 23. Nxd1 Bc2 24. Ne3 Be4 25. Bg2 Bxg2 26. Kxg2 Bh6 27. Kf3 Nb3 28.
Ra3 Nc5 29. Rd1 Nd7 30. Rb3 Nc5 31. Ra3 f5 32. Nc2 Bxc1 33. Rxc1 Nd3 34. Rb1
Rc5 35. Ke2 Ne5 36. Ne3 Rec8 37. Rd1 Kf7 38. Rb3 R8c7 39. Ra3 Nc4 40. Nxc4 Rxc4
41. Rd3 Kf6 42. Kd2 Ke5 43. b3 R4c5 44. c4 $11 1/2-1/2

[Event "270th YMCA Winter B"]
[Site "Warsaw"]
[Date "2023.01.26"]
[Round "3"]
[White "Kowalski, Witold"]
[Black "Kuc, Mariusz"]
[Result "1-0"]
[WhiteElo "1484"]
[BlackElo "1718"]
[PlyCount "79"]
[EventDate "2023.01.12"]
[EventType "tourn"]
[EventRounds "1"]
[EventCountry "POL"]
[SourceDate "2023.01.11"]

1. e4 c5 2. Nf3 e6 3. d4 cxd4 4. Nxd4 Nf6 5. Nc3 d6 6. Be3 a6 7. a4 Qa5 8. f3
d5 9. e5 Nfd7 10. f4 Bb4 11. Qd2 Nc5 12. Bd3 Bd7 13. f5 Nc6 14. O-O Nxe5 15.
Bf4 Nc6 16. Nxc6 bxc6 17. fxe6 Nxe6 18. Qe2 Bxc3 19. bxc3 Qxc3 20. Be5 Qc5+ 21.
Kh1 Qe7 22. Rae1 f6 23. Bc3 Kf7 24. Rf3 Rae8 25. Qf2 Qc5 26. Rxf6+ Kg8 27.
Rexe6 Qxf2 28. Rxe8+ Bxe8 29. Rxf2 c5 30. Bxa6 Bxa4 31. Bb7 h5 32. Bxd5+ Kh7
33. Be4+ Kh6 34. Bd2+ g5 35. h4 Re8 36. hxg5+ Kg7 37. Bc3+ Kg8 38. Bd5+ Kh7 39.
Rf6 Bxc2 40. Rh6# 1-0

[Event "270th YMCA Winter B"]
[Site "Warsaw"]
[Date "2023.01.27"]
[Round "3"]
[White "Szumigaj, Marcin"]
[Black "Pasternak-Winiarski, Adam"]
[Result "0-1"]
[WhiteElo "1502"]
[BlackElo "1611"]
[PlyCount "62"]
[EventDate "2023.01.12"]
[EventType "tourn"]
[EventRounds "1"]
[EventCountry "POL"]
[SourceDate "2023.01.11"]

1. d4 Nf6 2. c4 g6 3. Nc3 Bg7 4. e4 d6 5. f3 O-O 6. Bg5 h6 7. Be3 c6 8. Qd2 Kh7
9. O-O-O Na6 10. Nge2 Qa5 11. g4 Ng8 12. h4 Bd7 13. g5 h5 14. Kb1 b5 15. cxb5
cxb5 16. Nc1 Rab8 17. Nb3 Qb6 18. Nd5 Qd8 19. Rc1 Be6 20. Na5 Bxd5 21. exd5 Qd7
22. Bh3 e6 23. Nc6 Rbe8 24. dxe6 fxe6 25. d5 Nc5 26. Nd4 Ne7 27. Nxe6 Nxe6 28.
Bxe6 Qb7 29. f4 Nf5 30. Bf2 b4 31. Rc6 Rxe6 0-1

[Event "270th YMCA Winter B"]
[Site "Warsaw"]
[Date "2023.02.14"]
[Round "4"]
[White "Kuc, Mariusz"]
[Black "Szumigaj, Marcin"]
[Result "1-0"]
[WhiteElo "1718"]
[BlackElo "1502"]
[PlyCount "105"]
[EventDate "2023.01.12"]
[EventType "tourn"]
[EventRounds "1"]
[EventCountry "POL"]
[SourceDate "2023.01.11"]

1. e4 c6 2. d4 d5 3. Nc3 dxe4 4. Nxe4 Bf5 5. Nc5 b6 6. Nb3 e6 7. c3 Nf6 8. Bf4
Bd6 9. Be5 O-O 10. Nf3 Qc7 11. Bd3 Bxd3 12. Qxd3 Nbd7 13. Bxd6 Qxd6 14. Rd1
Rfd8 15. O-O h6 16. Rfe1 a5 17. Qe2 Qc7 18. Nbd2 a4 19. Nc4 b5 20. Nce5 Nxe5
21. Nxe5 Nd7 22. Nf3 Nb6 23. Ne5 Nd7 24. f4 Nxe5 25. Qxe5 Qxe5 26. dxe5 Rd5 27.
Rxd5 exd5 28. Kf2 Kf8 29. Ke3 c5 30. Rd1 Rd8 31. b3 axb3 32. axb3 Ke7 33. f5 f6
34. e6 g5 35. g4 Kd6 36. Ra1 Ke5 37. Ra7 h5 38. h3 hxg4 39. hxg4 Kd6 40. b4
cxb4 41. cxb4 Ke5 42. Rd7 Re8 43. Rb7 d4+ 44. Kf3 Kd5 45. Rxb5+ Kc4 46. Rc5+
Kxb4 47. Rd5 Kc4 48. Ke4 Re7 49. Rxd4+ Kc5 50. Rd7 Re8 51. Rf7 Kd6 52. Rxf6 Rg8
53. Rf7 1-0

[Event "270th YMCA Winter B"]
[Site "Warsaw"]
[Date "2023.02.03"]
[Round "4"]
[White "Malicki, Jan"]
[Black "Kowalski, Witold"]
[Result "0-1"]
[WhiteElo "1506"]
[BlackElo "1484"]
[PlyCount "110"]
[EventDate "2023.01.12"]
[EventType "tourn"]
[EventRounds "1"]
[EventCountry "POL"]
[SourceDate "2023.01.11"]

1. c4 c5 2. Nc3 Nc6 3. g3 g6 4. Bg2 Bg7 5. e3 e5 6. Nge2 Nge7 7. O-O d6 8. b3
O-O 9. Bb2 Be6 10. d4 exd4 11. exd4 Nxd4 12. Nxd4 Bxd4 13. Bxb7 Rb8 14. Bg2
Bxc4 15. bxc4 Rxb2 16. Nb5 Rxb5 17. cxb5 Bxa1 18. Qxa1 Nf5 19. Qb2 Nd4 20. Rb1
Qb6 21. a4 Rb8 22. Qd2 Qc7 23. Re1 Qd7 24. Qe3 Qe6 25. Qd2 Qc4 26. Qa5 Ne2+ 27.
Kh1 Qc3 28. Qxc3 Nxc3 29. Re7 Nxa4 30. Rxa7 Nc3 31. Bf1 d5 32. Rd7 c4 33. Kg2
Rxb5 34. Kf3 Kf8 35. Ke3 Ke8 36. Bh3 Ne4 37. Ra7 Rb3+ 38. Kd4 Rd3+ 39. Ke5 f6+
40. Kf4 Ng5 41. Bg2 h5 42. Ra8+ Kf7 43. Ra7+ Kg8 44. Ra6 Kg7 45. Ra7+ Kh6 46.
Ra6 Nh7 47. Ra5 d4 48. h4 c3 49. Rc5 Rd2 50. Kf3 Nf8 51. Bh3 f5 52. Rc6 Kg7 53.
Bf1 c2 54. Bb5 d3 55. Ke3 Rd1 0-1

[Event "270th YMCA Winter B"]
[Site "Warsaw"]
[Date "2023.02.03"]
[Round "4"]
[White "Kania, Tomasz"]
[Black "Nocek, Dominik"]
[Result "1-0"]
[WhiteElo "1625"]
[BlackElo "1644"]
[PlyCount "119"]
[EventDate "2023.01.12"]
[EventType "tourn"]
[EventRounds "1"]
[EventCountry "POL"]
[SourceDate "2023.01.11"]

1. e4 e5 2. Nf3 Nc6 3. Bb5 a6 4. Ba4 Nf6 5. d3 b5 6. Bb3 Bc5 7. O-O O-O 8. a4
Bb7 9. Bg5 h6 10. Bh4 b4 11. a5 d6 12. c3 bxc3 13. bxc3 Qe7 14. Re1 Ba7 15.
Nbd2 Nb8 16. Rb1 Bc6 17. Nc4 Nbd7 18. Ne3 Bxe3 19. fxe3 Nc5 20. Bc2 Rfb8 21.
Rxb8+ Rxb8 22. Nd2 d5 23. exd5 Bxd5 24. e4 Bc6 25. Rf1 Ncd7 26. Nc4 Bxe4 27.
Kh1 $11 Bg6 28. Qf3 Qe6 29. Re1 Qd5 30. Qe2 Re8 31. Qd2 e4 32. Ne3 Qc6 33. d4
Nd5 34. Nxd5 Qxd5 35. Ba4 Rb8 36. c4 Qe6 37. d5 Qe8 38. d6 c5 39. Qd5 Qc8 40.
Bxd7 Qxd7 41. Qxc5 Rc8 42. Qd5 Kh7 43. c5 Rc6 44. Bf2 Qf5 45. Qxf5 Bxf5 46. Be3
Rc8 47. Rb1 Bd7 48. Rb6 Bb5 49. Kg1 Kg6 50. Kf2 Kf5 51. Rb7 Ke6 52. Re7+ Kf6
53. Bd4+ Kg6 54. Ke3 Bc6 55. Ra7 Bb5 56. g3 f6 57. Kxe4 Re8+ 58. Kd5 Be2 59. d7
Bf3+ 60. Kd6 1-0

[Event "270th YMCA Winter B"]
[Site "Warsaw"]
[Date "2023.02.02"]
[Round "4"]
[White "Jaroszuk, Marcin"]
[Black "Mlynarski, Zbigniew"]
[Result "1/2-1/2"]
[WhiteElo "1484"]
[BlackElo "1615"]
[PlyCount "85"]
[EventDate "2023.01.12"]
[EventType "tourn"]
[EventRounds "1"]
[EventCountry "POL"]
[SourceDate "2023.01.11"]

1. d4 Nf6 2. Nf3 d6 3. g3 g6 4. Bg2 Bg7 5. O-O O-O 6. c4 c5 7. Nc3 Nc6 8. dxc5
dxc5 9. Be3 Qa5 10. Qa4 Qb6 11. Qb5 Nd7 12. Nd5 Qd8 13. Rfd1 a6 14. Qb3 e6 15.
Nc3 Qc7 16. Ne4 Nce5 17. Nxe5 Bxe5 18. f4 Bg7 19. Nd6 Rb8 20. Rd3 b5 21. cxb5
c4 22. Qc2 axb5 23. Rad1 Nc5 24. R3d2 Ba6 25. Ne4 Nxe4 26. Qxe4 Bb7 27. Qc2
Bxg2 28. Kxg2 Rb7 29. Bd4 b4 30. Bxg7 Kxg7 31. Qe4 Rc8 32. Qd4+ Kg8 33. e4 Qa5
34. Qf6 Rbb8 35. Rd7 Rf8 36. f5 Qa8 37. Qd4 exf5 38. Qxc4 Qxe4+ 39. Qxe4 fxe4
40. Re7 Rfe8 41. Rxe8+ Rxe8 42. Rd4 $11 e3 43. Kf1 1/2-1/2

[Event "270th YMCA Winter B"]
[Site "Warsaw"]
[Date "2023.02.02"]
[Round "4"]
[White "Szukalski, Antoni"]
[Black "Pichurko, Jakub"]
[Result "1/2-1/2"]
[WhiteElo "1709"]
[BlackElo "1664"]
[PlyCount "32"]
[EventDate "2023.01.12"]
[EventType "tourn"]
[EventRounds "1"]
[EventCountry "POL"]
[SourceDate "2023.01.11"]

1. d4 d5 2. c4 c6 3. e3 Nf6 4. Nf3 g6 5. Nc3 Bg7 6. Bd3 O-O 7. O-O Bg4 8. h3
Bxf3 9. Qxf3 e6 10. b3 Nbd7 11. Ba3 Re8 12. Bd6 dxc4 13. Bxc4 e5 14. dxe5 Nxe5
15. Bxe5 Rxe5 16. Rac1 Rf5 $11 1/2-1/2

[Event "270th YMCA Winter B"]
[Site "Warsaw"]
[Date "2023.01.20"]
[Round "5"]
[White "Mlynarski, Zbigniew"]
[Black "Szukalski, Antoni"]
[Result "0-1"]
[WhiteElo "1615"]
[BlackElo "1709"]
[PlyCount "142"]
[EventDate "2023.01.12"]
[EventType "tourn"]
[EventRounds "1"]
[EventCountry "POL"]
[SourceDate "2023.01.11"]

1. d4 d5 2. Nf3 Nf6 3. c4 c6 4. Nc3 e6 5. Bg5 Be7 6. e3 Nbd7 7. Bd3 dxc4 8.
Bxc4 h6 9. Bh4 Nd5 10. Bxe7 Qxe7 11. O-O O-O 12. e4 Nxc3 13. bxc3 c5 14. Qe2
Nb6 15. Bd3 Rd8 16. e5 Nd7 17. Nd2 cxd4 18. cxd4 Nf8 19. Qe3 Qd7 20. Nb3 b6 21.
Rfd1 Bb7 22. Rac1 Rac8 23. Bc4 Bd5 24. Ba6 Rxc1 25. Qxc1 Qa4 26. Bd3 Qxa2 27.
Nd2 Qa4 28. Bb1 Rc8 29. Nc4 Qxc4 30. Qe3 Qc3 31. Bd3 Qc6 32. f3 Qd7 33. Qe2 Rc3
34. Bb5 Qc7 35. Qe1 Bb7 36. Ra1 a5 37. Be2 Bd5 38. Qb1 a4 39. Bd1 a3 40. Qb4
Rc1 41. Qxa3 Rxa1 42. Qxa1 b5 43. Qb2 Qa5 44. Kf2 Qa2 45. Qxa2 Bxa2 46. Ke3 Ng6
47. g3 Ne7 48. Kd2 Nd5 49. Kc1 Kf8 50. Kb2 Bc4 51. f4 Ne3 52. Bb3 Bxb3 53. Kxb3
Nd5 54. Ka3 Ke7 55. Kb3 Kd7 56. Ka3 Kc6 57. Kb3 Kb6 58. Ka3 Ka5 59. Kb3 b4 60.
Kb2 Ka4 61. Ka2 b3+ 62. Kb2 Kb4 63. Kb1 Kc3 64. Kc1 Kxd4 65. Kb2 Kc4 66. Kc1
Kc3 67. Kb1 b2 68. f5 exf5 69. e6 fxe6 70. g4 f4 71. h4 Kb3 0-1

[Event "270th YMCA Winter B"]
[Site "Warsaw"]
[Date "2023.02.23"]
[Round "5"]
[White "Nocek, Dominik"]
[Black "Jaroszuk, Marcin"]
[Result "0-1"]
[WhiteElo "1644"]
[BlackElo "1484"]
[PlyCount "86"]
[EventDate "2023.01.12"]
[EventType "tourn"]
[EventRounds "1"]
[EventCountry "POL"]
[SourceDate "2023.01.11"]

1. e4 e6 2. d4 d5 3. Nd2 Nf6 4. e5 Nfd7 5. Bd3 c5 6. c3 Nc6 7. Ne2 cxd4 8. cxd4
f6 9. exf6 Qxf6 10. Nf3 Bb4+ 11. Bd2 Bxd2+ 12. Qxd2 O-O 13. O-O e5 14. dxe5
Ndxe5 15. Nxe5 Nxe5 16. Bc2 Be6 17. Nd4 Bf7 18. b3 Rad8 19. Rac1 Nc6 20. Rfd1
Bh5 21. f3 Rfe8 22. Bb1 Nxd4 23. Qxd4 Re1+ 24. Rxe1 Qxd4+ 25. Kh1 Re8 26. Rxe8+
Bxe8 27. h3 Qd2 28. Rg1 Bc6 29. Rf1 Bb5 30. Rg1 Bd3 31. Bxd3 Qxd3 32. Rc1 d4
33. Rc8+ Kf7 34. Rc7+ Kf6 35. Rxb7 Qb1+ 36. Kh2 Qxa2 37. Rd7 Qe2 38. Rxa7 d3
39. Ra6+ Ke5 40. Ra7 Kd4 41. Rd7+ Ke3 42. Rxg7 Kf2 43. h4 Qe5+ 0-1

[Event "270th YMCA Winter B"]
[Site "Warsaw"]
[Date "2023.02.10"]
[Round "5"]
[White "Kowalski, Witold"]
[Black "Kania, Tomasz"]
[Result "1-0"]
[WhiteElo "1484"]
[BlackElo "1625"]
[PlyCount "124"]
[EventDate "2023.01.12"]
[EventType "tourn"]
[EventRounds "1"]
[EventCountry "POL"]
[SourceDate "2023.01.11"]

1. e4 c6 2. d4 d5 3. Nc3 dxe4 4. Nxe4 Bf5 5. Ng3 Bg6 6. Nf3 e6 7. c3 Nf6 8. Bd3
Bd6 9. O-O Nbd7 10. Re1 Qc7 11. c4 Bb4 12. Re2 Rd8 13. Bg5 Be7 14. Bxg6 hxg6
15. Qc2 O-O 16. a3 a5 17. Rae1 Rfe8 18. Nf1 Kf8 19. Ne3 Nh5 20. Bxe7+ Rxe7 21.
Ng4 Nhf6 22. Nge5 c5 23. d5 Nxe5 24. Rxe5 Ng4 25. R5e4 Nf6 26. R4e2 Nh5 27. g3
e5 28. Rxe5 Rxe5 29. Rxe5 Nf6 30. Kg2 Ne8 31. h4 Kg8 32. Qe2 Nd6 33. h5 gxh5
34. Rxh5 Re8 35. Re5 Rb8 36. a4 Qd7 37. b3 Qg4 38. Rg5 Qe4 39. Qxe4 Nxe4 40.
Re5 Nd6 41. Ne1 Kf8 42. Nd3 Rc8 43. g4 Rc7 44. f4 g6 45. Kf3 Kg7 46. Nf2 Rc8
47. Re7 Rd8 48. Rc7 b6 49. Rc6 Nc8 50. Ne4 Kf8 51. f5 gxf5 52. gxf5 Ke7 53. Kf4
Kd7 54. Rf6 Ke7 55. Ke5 Kf8 56. Rc6 Re8+ 57. Kf4 Ke7 58. Rc7+ Kf8 59. d6 Rd8
60. d7 Ne7 61. f6 Ng6+ 62. Kf5 Ne7+ 1-0